000 00970nam a22002652 4500
001 20489
003 CZ PrNK
005 20260123104956.0
008 960107s1964 xo ||| | slo
020 _q(Váz.) :
_cKčs 18,00
040 _aABA001
_bcze
_cABA001
_dABA001
041 1 _aslo
_hund
245 0 0 _aChaplin básnik smiechu a sľz /
_cprel. Božena Grečnerová ... [et al.] ; vybrali, zredigovali a doslov napísali Agneša Kalinová a Albert Marenčin ; obr. príl. zostavil Jaroslav Brož
250 _a1. vyd.
260 _aBratislava :
_bSVKL,
_c1964
300 _a306 s. :
_bil. ;
_c17 cm
490 1 _aKnižnica estetického vzdelania ;
_vzv. 16
700 1 _aChaplin, Charlie,
_d1889-1977
_4aut
700 1 _aKalinová, Agneša,
_d1924-2014
_4com
_4aui
_4trl
700 1 _aMarenčin, Albert,
_d1922-2019
_4com
_4aui
_4trl
700 1 _aGrečnerová, Božena
_4trl
830 0 _aKnižnica estetického vzdelania
910 _aABA001
942 _2ddc
_cKLDO
_n0
999 _c20489
_d20489